000 00309nam a2200121Ia 4500
005 20251222144634.0
008 251222s9999||||xx |||||||||||||| ||spa||
082 _a246.45/B21
100 _aBambarén Gastelumendi, Luis
245 0 _aLa Vida y El Imperialismo Anticonceptivo
264 _bLatina
942 _cLIB
999 _c16410
_d16410